[Event "Madrid ch 2011-2012 Veteranos"]
[Site "Madrid ESP"]
[Date "2012.01.20"]
[Round "5.3"]
[White "Camarero Izquierdo, Juan Carlos"]
[Black "Casares Ripoll, Fernando"]
[Result "0-1"]
[WhiteElo "1896"]
[BlackElo "2136"]
[PlyCount "72"]
[EventDate "2012.01.16"]
[EventType "swiss"]
[EventRounds "9"]
[EventCountry "ESP"]
[Source "lmi"]
[SourceDate "2012.01.16"]

1. d4 d5 2. Nc3 Bf5 3. Bf4 e6 4. e3 a6 5. Bd3 Bg6 6. Bxg6 hxg6 7. Qd3 Bd6 8.
Be5 Bxe5 9. dxe5 Qg5 10. O-O-O Qxe5 11. Nf3 Qd6 12. e4 dxe4 13. Qxe4 Qc6 14.
Qd4 Qd6 15. Qe3 Qe7 16. Ne5 Nf6 17. Qf3 c6 18. Kb1 Nbd7 19. Nc4 O-O-O 20. Qg3
e5 21. f4 Nh5 22. Qe3 Nxf4 23. Qa7 Nc5 24. Nd6+ Rxd6 25. Qa8+ Kc7 26. Qxh8
Rxd1+ 27. Rxd1 f5 28. a4 Nxg2 29. a5 f4 30. Qa8 e4 31. Qa7 e3 32. Qb6+ Kb8 33.
Rd4 f3 34. Nd5 cxd5 35. Rxd5 Nd7 36. Rd4 Nxb6 0-1

[Event "Madrid ch 2011-2012 Veteranos"]
[Site "Madrid ESP"]
[Date "2012.01.20"]
[Round "5.4"]
[White "Leniz Martinez, Francisco"]
[Black "Rodriguez Perez, Rene"]
[Result "0-1"]
[WhiteElo "1786"]
[BlackElo "2038"]
[PlyCount "112"]
[EventDate "2012.01.16"]
[EventType "swiss"]
[EventRounds "9"]
[EventCountry "ESP"]
[Source "lmi"]
[SourceDate "2012.01.16"]

1. e4 e6 2. d4 d5 3. Nd2 Nf6 4. e5 Nfd7 5. Bd3 c5 6. c3 Nc6 7. Ne2 cxd4 8. cxd4
Bb4 9. O-O Qb6 10. Nf3 O-O 11. Be3 Be7 12. b3 f5 13. Bf4 Rf7 14. Rc1 Nf8 15. g3
h6 16. Bb1 g5 17. Be3 Bd7 18. Kh1 Rc8 19. Ne1 Be8 20. Nc3 Ba3 21. Na4 Qd8 22.
Rc2 Rfc7 23. Bc1 Bxc1 24. Rxc1 Qe7 25. Qd2 Qb4 26. Qxb4 Nxb4 27. Rxc7 Rxc7 28.
a3 Bxa4 29. bxa4 Nc6 30. Nc2 Na5 31. Re1 Nd7 32. Nb4 Nb6 33. Bc2 Nbc4 34. Ra1
Kf7 35. Kg2 Nc6 36. Nxc6 Rxc6 37. Bd3 Na5 38. Bf1 b6 39. Ra2 Nb3 40. a5 Nxa5
41. Rb2 Nc4 42. Ra2 b5 43. Be2 a5 44. Kg1 Ke7 45. Kf1 Rb6 46. Kg2 Kd7 47. Bh5
b4 48. axb4 Rxb4 49. Be2 a4 50. Bf1 Nb6 51. Be2 Rxd4 52. Bb5+ Kd8 53. Ra3 Rb4
54. Bc6 Rb3 55. Ra2 a3 56. h3 Nc4 0-1

[Event "Madrid ch 2011-2012 Veteranos"]
[Site "Madrid ESP"]
[Date "2012.01.20"]
[Round "5.5"]
[White "Fernandez Garcia, Ignacio"]
[Black "Pardo Robles, Jose Manuel"]
[Result "0-1"]
[WhiteElo "1903"]
[BlackElo "1856"]
[PlyCount "150"]
[EventDate "2012.01.16"]
[EventType "swiss"]
[EventRounds "9"]
[EventCountry "ESP"]
[Source "lmi"]
[SourceDate "2012.01.16"]

1. e4 c5 2. Nf3 d6 3. Bc4 Nc6 4. O-O e6 5. Nc3 Be7 6. d4 cxd4 7. Nxd4 a6 8. Be3
Nf6 9. Be2 O-O 10. Qd2 Qc7 11. a4 d5 12. e5 Nxe5 13. Bf4 Bd6 14. Bg3 Nc4 15.
Qg5 Bxg3 16. hxg3 h6 17. Qc1 e5 18. Nf3 d4 19. Nb1 Re8 20. Re1 Nb6 21. c3 Bg4
22. Nbd2 dxc3 23. bxc3 Rac8 24. a5 Nbd5 25. c4 Nb4 26. Qb2 Nc6 27. Reb1 e4 28.
Nd4 Bxe2 29. Nxe2 Nxa5 30. Nf1 b6 31. Ne3 Nxc4 32. Nxc4 Qxc4 33. Nf4 e3 34.
Qxb6 exf2+ 35. Qxf2 Ng4 36. Qa2 Qc5+ 37. Kh1 Rc6 38. Qd5 Rec8 39. Rf1 a5 40.
Rxa5 Qxd5 41. Nxd5 Rc1 42. Ra1 Rxf1+ 43. Rxf1 Kf8 44. Nf4 Nf6 45. Re1 g5 46.
Nd3 Rc3 47. Ne5 Nh5 48. g4 Nf4 49. Nf3 Kg7 50. Rd1 Rc2 51. Rd2 Rxd2 52. Nxd2
Ne2 53. Kh2 Kf6 54. Nf3 Ke6 55. g3 Kd5 56. Kg2 Nd4 57. Nd2 Nc6 58. Nf1 Ne5 59.
Ne3+ Ke6 60. Kh3 f6 61. Nf5 Nf7 62. Kg2 Ke5 63. Kf3 h5 64. Ne3 h4 65. gxh4 gxh4
66. Nc4+ Kd4 67. Nd2 Ng5+ 68. Kf4 h3 69. Nf1 Kd3 70. Kg3 Ke2 71. Nh2 Ke1 72.
Nf3+ Kf1 73. Nh2+ Kg1 74. Nf3+ Nxf3 75. Kxh3 Kf2 0-1

[Event "Madrid ch 2011-2012 Veteranos"]
[Site "Madrid ESP"]
[Date "2012.01.23"]
[Round "6.1"]
[White "Pastor Alonso De Prado, Alberto"]
[Black "Gonzalez Mateos, Rafael"]
[Result "1-0"]
[WhiteElo "2222"]
[BlackElo "2148"]
[PlyCount "51"]
[EventDate "2012.01.16"]
[EventType "swiss"]
[EventRounds "9"]
[EventCountry "ESP"]
[Source "lmi"]
[SourceDate "2012.01.16"]

1. e4 e6 2. d4 d5 3. Nd2 f5 4. exf5 exf5 5. Nh3 Nf6 6. Nf3 Bd6 7. Be2 O-O 8.
O-O h6 9. Bf4 Be7 10. Ne5 g5 11. Bd2 f4 12. Nxf4 gxf4 13. Bxf4 Kg7 14. Bxh6+
Kxh6 15. Qd2+ Kh7 16. Bd3+ Ne4 17. f3 Bg5 18. Qe2 Nc6 19. fxe4 Nxe5 20. Qh5+
Bh6 21. Rxf8 Qxf8 22. dxe5 Qg7 23. exd5+ Kh8 24. e6 c6 25. Rf1 cxd5 26. Rf7 1-0

[Event "Madrid ch 2011-2012 Veteranos"]
[Site "Madrid ESP"]
[Date "2012.01.23"]
[Round "6.2"]
[White "Casares Ripoll, Fernando"]
[Black "Ciuro Muñoz, Ricardo"]
[Result "1-0"]
[WhiteElo "2136"]
[BlackElo "2123"]
[PlyCount "93"]
[EventDate "2012.01.16"]
[EventType "swiss"]
[EventRounds "9"]
[EventCountry "ESP"]
[Source "lmi"]
[SourceDate "2012.01.16"]

1. e4 e6 2. d4 d5 3. exd5 exd5 4. Bd3 Bd6 5. Nf3 Nc6 6. c3 Bg4 7. O-O Nge7 8.
Re1 Qd7 9. Nbd2 f6 10. Qc2 O-O-O 11. b4 Rde8 12. a4 Ng6 13. h3 Rxe1+ 14. Nxe1
Qe7 15. Ba3 Bd7 16. Nb3 Nf4 17. Nc5 Bxc5 18. bxc5 Nxd3 19. Nxd3 Bf5 20. Qd2 Qe4
21. Nf4 g5 22. Nh5 Rf8 23. Re1 Qd3 24. Qxd3 Bxd3 25. Re6 f5 26. f4 g4 27. Kf2
gxh3 28. gxh3 Be4 29. Bc1 Rg8 30. Ng3 Rg6 31. Re8+ Kd7 32. Rh8 h6 33. Rh7+ Ne7
34. Nxe4 fxe4 35. c6+ Rxc6 36. Ba3 Rxc3 37. Bxe7 Ke6 38. Bh4 c5 39. Rxh6+ Kf7
40. dxc5 d4 41. Rf6+ Kg7 42. Re6 Rc2+ 43. Kg3 e3 44. Kf3 Rh2 45. Re4 d3 46.
Rxe3 Rxh3+ 47. Bg3 1-0

[Event "Madrid ch 2011-2012 Veteranos"]
[Site "Madrid ESP"]
[Date "2012.01.23"]
[Round "6.3"]
[White "Rodriguez Perez, Rene"]
[Black "Ortega Morales, Pedro"]
[Result "0-1"]
[WhiteElo "2038"]
[BlackElo "1867"]
[PlyCount "48"]
[EventDate "2012.01.16"]
[EventType "swiss"]
[EventRounds "9"]
[EventCountry "ESP"]
[Source "lmi"]
[SourceDate "2012.01.16"]

1. d4 Nf6 2. c4 c5 3. d5 b5 4. Nc3 b4 5. Na4 d6 6. b3 g6 7. Bb2 Bg7 8. e3 O-O
9. Bd3 Re8 10. Ne2 Bb7 11. O-O a5 12. e4 e6 13. f3 Qc7 14. Qc2 Nbd7 15. a3 exd5
16. exd5 Ne5 17. axb4 axb4 18. Bxe5 Rxe5 19. Nb2 Ree8 20. Rfe1 Qe7 21. Na4 Qe3+
22. Kh1 Nh5 23. Ng1 Qh6 24. Ne2 Rxe2 0-1

[Event "Madrid ch 2011-2012 Veteranos"]
[Site "Madrid ESP"]
[Date "2012.01.23"]
[Round "6.4"]
[White "Pardo Robles, Jose Manuel"]
[Black "Garcia Gutierrez, Jose"]
[Result "0-1"]
[WhiteElo "1856"]
[BlackElo "2032"]
[PlyCount "138"]
[EventDate "2012.01.16"]
[EventType "swiss"]
[EventRounds "9"]
[EventCountry "ESP"]
[Source "lmi"]
[SourceDate "2012.01.16"]

1. b4 e5 2. Bb2 Bxb4 3. Bxe5 Nf6 4. e3 O-O 5. Bb2 d5 6. c4 Re8 7. Nf3 Bg4 8.
cxd5 Nxd5 9. Be2 Nc6 10. O-O Qe7 11. Nd4 Bxe2 12. Nxc6 Qd6 13. Qxe2 Qxc6 14.
Qg4 Qh6 15. Nc3 Bd6 16. f4 Nb4 17. Nb5 Rad8 18. Bc3 Nd5 19. Nxd6 Rxd6 20. Be5
Nf6 21. Qe2 Rd7 22. Rf3 Nd5 23. e4 f6 24. Rh3 Qg6 25. exd5 fxe5 26. fxe5 Rxd5
27. Qc4 Qb6+ 28. Kf1 Rexe5 29. Rf3 Qd4 30. Qxd4 Rxd4 31. Rc1 c6 32. Re1 Rde4
33. Rxe4 Rxe4 34. Rb3 b6 35. Ra3 Re7 36. Rd3 Kf7 37. Rd6 c5 38. d4 cxd4 39.
Rxd4 Ke8 40. a4 Re5 41. Kf2 Ke7 42. Kf3 g6 43. g4 a6 44. h4 h6 45. Kf4 Rc5 46.
g5 hxg5+ 47. hxg5 b5 48. Re4+ Kf7 49. axb5 axb5 50. Ke3 Rxg5 51. Rd4 Ke6 52.
Rd8 Rg4 53. Rb8 b4 54. Kf3 Rc4 55. Rb6+ Kf5 56. Rb5+ Kf6 57. Rb6+ Kg5 58. Rb5+
Kh4 59. Rb6 Kh5 60. Rb5+ g5 61. Kg3 Rc3+ 62. Kg2 b3 63. Kh2 Kh4 64. Kg2 g4 65.
Kf2 Rc2+ 66. Ke3 b2 67. Rb8 Kg3 68. Rb7 Kg2 69. Rb8 g3 0-1

[Event "Madrid ch 2011-2012 Veteranos"]
[Site "Madrid ESP"]
[Date "2012.01.23"]
[Round "6.5"]
[White "Garcia Esteban, Juan Ignacio"]
[Black "Cabañas Bravo, Juan Andres"]
[Result "0-1"]
[WhiteElo "1961"]
[BlackElo "2087"]
[PlyCount "138"]
[EventDate "2012.01.16"]
[EventType "swiss"]
[EventRounds "9"]
[EventCountry "ESP"]
[Source "lmi"]
[SourceDate "2012.01.16"]

1. e4 e5 2. Nf3 Nc6 3. Bb5 a6 4. Ba4 Nf6 5. O-O Nxe4 6. Re1 Nc5 7. Nxe5 Be7 8.
Bxc6 dxc6 9. d4 Ne6 10. c3 O-O 11. Nd2 c5 12. Ndf3 cxd4 13. cxd4 c6 14. Be3 Qd5
15. Qc2 Bb4 16. Rec1 Ba5 17. Nd3 Qh5 18. Nf4 Nxf4 19. Bxf4 Bb6 20. Qb3 Qb5 21.
Qxb5 axb5 22. Re1 Be6 23. a3 Bd5 24. Bd6 Rfe8 25. Bc5 Ba5 26. b4 Bc7 27. Rxe8+
Rxe8 28. a4 b6 29. axb5 bxc5 30. b6 Bxb6 31. bxc5 Bc7 32. Ra7 Bf4 33. Ra3 Bc1
34. Ra4 g5 35. h3 f6 36. Kf1 Kf7 37. Ne1 Bd2 38. Nf3 Bc3 39. Ra3 Bc4+ 40. Kg1
Bb4 41. Ra4 Rb8 42. h4 h6 43. hxg5 hxg5 44. Nh2 Be2 45. f3 Bc3 46. Kf2 Rb2 47.
Kg3 Be1+ 48. Kh3 Rb4 49. Ra7+ Ke6 50. Ra8 Rxd4 51. g3 Rd7 52. Rc8 Bb5 53. Re8+
Re7 54. Rd8 Rh7+ 55. Kg2 Bb4 56. Rd6+ Ke7 57. Ng4 Rf7 58. Nh6 Bxc5 59. Nf5+ Ke8
60. Rd1 Ra7 61. Kh3 Ra4 62. Re1+ Kf7 63. Nh6+ Kg6 64. Ng4 Bd4 65. Re6 Bf1+ 66.
Kh2 Ra2+ 67. Kh1 Bg2+ 68. Kh2 Bxf3+ 69. Kh3 Bg2+ 0-1

[Event "Madrid ch 2011-2012 Veteranos"]
[Site "Madrid ESP"]
[Date "2012.01.24"]
[Round "7.1"]
[White "Ortega Morales, Pedro"]
[Black "Casares Ripoll, Fernando"]
[Result "0-1"]
[WhiteElo "1867"]
[BlackElo "2136"]
[PlyCount "120"]
[EventDate "2012.01.16"]
[EventType "swiss"]
[EventRounds "9"]
[EventCountry "ESP"]
[Source "lmi"]
[SourceDate "2012.01.16"]

1. d4 f5 2. Bg5 Nf6 3. Nc3 e6 4. Bxf6 Qxf6 5. a3 Be7 6. g3 O-O 7. e3 d6 8. Nf3
c6 9. Bg2 e5 10. Ne2 Be6 11. b3 a5 12. c4 Na6 13. O-O a4 14. d5 cxd5 15. cxd5
Bd7 16. b4 Bb5 17. Rc1 Rac8 18. Qd2 Bc4 19. Rfe1 Nb8 20. Nc3 Bb3 21. Bf1 Nd7
22. Bb5 Nb6 23. Qb2 Qf7 24. Nd2 Bxd5 25. Nxd5 Qxd5 26. Bf1 e4 27. Rxc8 Rxc8 28.
Rc1 Rxc1 29. Qxc1 Qc6 30. Qxc6 bxc6 31. Nc4 Nxc4 32. Bxc4+ d5 33. Ba6 Bxb4 34.
Bb7 Bxa3 35. Bxc6 Bb2 36. Bxa4 Kf7 37. Kf1 Kf6 38. Ke2 Ke5 39. h4 g6 40. Bb3 h6
41. f4+ Ke6 42. Ba4 Bf6 43. Bc6 g5 44. hxg5 hxg5 45. Bb7 gxf4 46. gxf4 Bb2 47.
Bc8+ Kf6 48. Bd7 d4 49. exd4 Bc1 50. Bc6 Bxf4 51. Bb7 Bc1 52. Bc6 Kg5 53. d5
Kf4 54. d6 Ba3 55. d7 Be7 56. Bd5 Bd8 57. Bc6 Ke5 58. Bb5 f4 59. Bc6 f3+ 60.
Kf2 Kf4 0-1

[Event "Madrid ch 2011-2012 Veteranos"]
[Site "Madrid ESP"]
[Date "2012.01.24"]
[Round "7.2"]
[White "Garcia Gutierrez, Jose"]
[Black "Pastor Alonso De Prado, Alberto"]
[Result "0-1"]
[WhiteElo "2032"]
[BlackElo "2222"]
[PlyCount "62"]
[EventDate "2012.01.16"]
[EventType "swiss"]
[EventRounds "9"]
[EventCountry "ESP"]
[Source "lmi"]
[SourceDate "2012.01.16"]

1. e4 e5 2. d4 exd4 3. f4 Bb4+ 4. Nd2 Qh4+ 5. g3 Qe7 6. Bd3 Nf6 7. Qe2 d6 8. a3
Ba5 9. b4 Bb6 10. Ngf3 O-O 11. Bb2 a5 12. Nc4 axb4 13. Nxb6 cxb6 14. Nxd4 Re8
15. O-O Nxe4 16. Rae1 d5 17. Qh5 bxa3 18. Ba1 Qc5 19. Kg2 Nd7 20. Nf5 Ndf6 21.
Bxf6 Bxf5 22. Bxg7 Bg6 23. Qh6 Re6 24. Ba1 d4 25. Qh3 f5 26. g4 Rae8 27. Qh4
Qd5 28. Kg1 Kf7 29. h3 b5 30. Re2 b4 31. Rfe1 Nd2 0-1

[Event "Madrid ch 2011-2012 Veteranos"]
[Site "Madrid ESP"]
[Date "2012.01.24"]
[Round "7.3"]
[White "Gonzalez Mateos, Rafael"]
[Black "Cabañas Bravo, Juan Andres"]
[Result "1-0"]
[WhiteElo "2148"]
[BlackElo "2087"]
[PlyCount "81"]
[EventDate "2012.01.16"]
[EventType "swiss"]
[EventRounds "9"]
[EventCountry "ESP"]
[Source "lmi"]
[SourceDate "2012.01.16"]

1. d4 Nf6 2. c3 g6 3. Bg5 Bg7 4. Nd2 d5 5. e3 Nbd7 6. f4 c5 7. Bd3 Qb6 8. Rb1
c4 9. Bc2 Qa6 10. a3 Nb6 11. Ngf3 Ng4 12. Qe2 f6 13. Bh4 Be6 14. O-O O-O 15. e4
Nh6 16. h3 Rae8 17. g4 Kh8 18. f5 gxf5 19. exf5 Bg8 20. g5 Nf7 21. Kh1 Nd6 22.
Nh2 e5 23. fxe6 Rxe6 24. Qh5 Ne4 25. Nxe4 dxe4 26. gxf6 Bxf6 27. Bxf6+ Rfxf6
28. Rxf6 Rxf6 29. Bxe4 Nd7 30. Ng4 Rf4 31. Bg2 Qe6 32. Qg5 Rf5 33. Qd2 h5 34.
Re1 Qg6 35. Nh6 Rb5 36. Nxg8 Kxg8 37. Be4 Qd6 38. Qg2+ Kf7 39. Rf1+ Ke7 40.
Bxb7 Qb6 41. Bc6 1-0

[Event "Madrid ch 2011-2012 Veteranos"]
[Site "Madrid ESP"]
[Date "2012.01.24"]
[Round "7.4"]
[White "Ciuro Muñoz, Ricardo"]
[Black "Pardo Robles, Jose Manuel"]
[Result "1-0"]
[WhiteElo "2123"]
[BlackElo "1856"]
[PlyCount "65"]
[EventDate "2012.01.16"]
[EventType "swiss"]
[EventRounds "9"]
[EventCountry "ESP"]
[Source "lmi"]
[SourceDate "2012.01.16"]

1. e4 c5 2. Nf3 d6 3. d4 cxd4 4. Nxd4 Nf6 5. Nc3 g6 6. Be3 Bg7 7. f3 O-O 8. Qd2
Nc6 9. Bc4 Bd7 10. O-O-O Rc8 11. Bb3 Ne5 12. Kb1 Nc4 13. Bxc4 Rxc4 14. g4 Re8
15. h4 Qa5 16. Nb3 Qc7 17. h5 b5 18. hxg6 fxg6 19. Bh6 Bh8 20. e5 b4 21. Nd5
Nxd5 22. Qxd5+ e6 23. Qxd6 Qxd6 24. exd6 Bf6 25. Nd2 Rd4 26. Ne4 Rxd1+ 27. Rxd1
Bd8 28. Nc5 Bc6 29. d7 Re7 30. Bg5 Kf7 31. Rh1 Kg8 32. Bxe7 Bxe7 33. Rd1 1-0

[Event "Madrid ch 2011-2012 Veteranos"]
[Site "Madrid ESP"]
[Date "2012.01.24"]
[Round "7.5"]
[White "Osorio Ramos, Francisco"]
[Black "Rodriguez Perez, Rene"]
[Result "1/2-1/2"]
[WhiteElo "1848"]
[BlackElo "2038"]
[PlyCount "41"]
[EventDate "2012.01.16"]
[EventType "swiss"]
[EventRounds "9"]
[EventCountry "ESP"]
[Source "lmi"]
[SourceDate "2012.01.16"]

1. Nf3 d5 2. d4 c6 3. c4 e6 4. Qc2 f5 5. Bf4 Nf6 6. e3 Bd6 7. Nc3 O-O 8. Bd3
Ne4 9. O-O Qe7 10. c5 Bc7 11. Bxc7 Qxc7 12. Ne5 Nd7 13. f4 Nxe5 14. fxe5 Bd7
15. Nxe4 fxe4 16. Be2 Qa5 17. a3 b5 18. b4 Rxf1+ 19. Bxf1 Qd8 20. a4 a6 21. Qf2
1/2-1/2

[Event "Madrid ch 2011-2012 Veteranos"]
[Site "Madrid ESP"]
[Date "2012.01.25"]
[Round "8.1"]
[White "Casares Ripoll, Fernando"]
[Black "Pastor Alonso De Prado, Alberto"]
[Result "1-0"]
[WhiteElo "2136"]
[BlackElo "2222"]
[PlyCount "91"]
[EventDate "2012.01.16"]
[EventType "swiss"]
[EventRounds "9"]
[EventCountry "ESP"]
[Source "lmi"]
[SourceDate "2012.01.16"]

1. e4 e5 2. Nf3 Nc6 3. Bb5 Bc5 4. O-O Nd4 5. Nxd4 Bxd4 6. c3 Bb6 7. d4 c6 8.
Ba4 d6 9. dxe5 dxe5 10. Qxd8+ Kxd8 11. Na3 Be6 12. Bb3 Ke7 13. Nc4 f6 14. Nxb6
axb6 15. Be3 c5 16. Rfd1 g5 17. f3 Nh6 18. Bxe6 Kxe6 19. a3 Rhd8 20. Kf2 Nf7
21. Ke2 Nd6 22. a4 Nc4 23. b3 Nxe3 24. Kxe3 Rxd1 25. Rxd1 c4 26. bxc4 Rxa4 27.
Rb1 Rxc4 28. Rxb6+ Rc6 29. Rxc6+ bxc6 30. Kd3 f5 31. g4 f4 32. Kc4 Kd6 33. Kb4
h5 34. h3 hxg4 35. hxg4 Kd7 36. Kc5 Kc7 37. c4 Kb7 38. Kd6 Kb6 39. Kxe5 Kc5 40.
Kf6 Kd4 41. e5 Ke3 42. e6 Kxf3 43. Kxg5 Kg3 44. e7 f3 45. e8=Q f2 46. Qe2 1-0

[Event "Madrid ch 2011-2012 Veteranos"]
[Site "Madrid ESP"]
[Date "2012.01.25"]
[Round "8.3"]
[White "Ortega Morales, Pedro"]
[Black "Ciuro Muñoz, Ricardo"]
[Result "1/2-1/2"]
[WhiteElo "1867"]
[BlackElo "2123"]
[PlyCount "58"]
[EventDate "2012.01.16"]
[EventType "swiss"]
[EventRounds "9"]
[EventCountry "ESP"]
[Source "lmi"]
[SourceDate "2012.01.16"]

1. d4 d5 2. Bf4 e6 3. Nf3 Bd6 4. Bg3 Nf6 5. e3 Nbd7 6. Ne5 Ne4 7. Nxd7 Bxd7 8.
Bxd6 cxd6 9. Bd3 Qb6 10. O-O Qxb2 11. Nd2 Nxd2 12. Qxd2 Qb6 13. Rfb1 Qc7 14.
Qb4 Rb8 15. a4 O-O 16. a5 Rfc8 17. Rb3 g6 18. f3 Bc6 19. Rab1 Qd8 20. Qd2 e5
21. Bb5 Qd7 22. c3 b6 23. dxe5 dxe5 24. Ba6 Bb7 25. Bxb7 Rxb7 26. axb6 Rxb6 27.
Rxb6 axb6 28. Rxb6 Qc7 29. Rb5 Qxc3 1/2-1/2

[Event "Madrid ch 2011-2012 Veteranos"]
[Site "Madrid ESP"]
[Date "2012.01.25"]
[Round "8.4"]
[White "Cabañas Bravo, Juan Andres"]
[Black "Leniz Martinez, Francisco"]
[Result "1-0"]
[WhiteElo "2087"]
[BlackElo "1786"]
[PlyCount "75"]
[EventDate "2012.01.16"]
[EventType "swiss"]
[EventRounds "9"]
[EventCountry "ESP"]
[Source "lmi"]
[SourceDate "2012.01.16"]

1. e4 c5 2. Nf3 e6 3. d4 cxd4 4. Nxd4 a6 5. Nc3 Qc7 6. Be3 Nf6 7. f3 d6 8. Qd2
Nc6 9. O-O-O Bd7 10. Nb3 b5 11. Qf2 Rb8 12. g4 h6 13. Rg1 b4 14. Na4 Ne5 15.
Nb6 Bb5 16. Kb1 Bxf1 17. Rgxf1 Nfd7 18. Nxd7 Nxd7 19. f4 a5 20. Ba7 Rb7 21. Bd4
a4 22. Nc1 Nc5 23. Qf3 Qc6 24. Bxc5 dxc5 25. f5 e5 26. Rd5 f6 27. Qh3 Be7 28.
Qh5+ Kf8 29. Rfd1 Qe8 30. Qh4 c4 31. Ne2 Qc6 32. Rd8+ Bxd8 33. Rxd8+ Ke7 34.
Rxh8 b3 35. Nc3 bxa2+ 36. Kxa2 Rd7 37. Qh5 a3 38. Re8+ 1-0

[Event "Madrid ch 2011-2012 Veteranos"]
[Site "Madrid ESP"]
[Date "2012.01.26"]
[Round "9.2"]
[White "Pastor Alonso De Prado, Alberto"]
[Black "Rodriguez Perez, Rene"]
[Result "1/2-1/2"]
[WhiteElo "2222"]
[BlackElo "2038"]
[PlyCount "99"]
[EventDate "2012.01.16"]
[EventType "swiss"]
[EventRounds "9"]
[EventCountry "ESP"]
[Source "lmi"]
[SourceDate "2012.01.16"]

1. e4 e6 2. d4 d5 3. Nd2 c5 4. dxc5 Bxc5 5. Bd3 Nf6 6. Qe2 Nc6 7. Ngf3 a6 8.
O-O Nb4 9. e5 Nxd3 10. cxd3 Nd7 11. Nb3 Be7 12. Be3 O-O 13. Rac1 Nb8 14. Bc5
Nc6 15. Qe3 Bxc5 16. Qxc5 Bd7 17. Qa3 Qb6 18. Nc5 Rfd8 19. Rc3 Qa7 20. Rfc1 h6
21. h4 Be8 22. d4 b6 23. Nd3 Rab8 24. Nb4 Nxb4 25. Qxb4 a5 26. Qa3 Qa6 27. b4
a4 28. Rc7 Rbc8 29. Qc3 Rxc7 30. Qxc7 Ra8 31. a3 Bb5 32. Nd2 Bc4 33. h5 Rc8 34.
Qd7 b5 35. g4 Qc6 36. Qe7 Qc7 37. Qh4 Qd8 38. Qg3 f6 39. Re1 Qd7 40. exf6 gxf6
41. Qe3 e5 42. f3 Kh7 43. dxe5 f5 44. e6 Qe7 45. Qe5 Rf8 46. f4 Qh4 47. Re3
Qxg4+ 48. Kf2 Rg8 49. Qc7+ Kh8 50. Qe5+ 1/2-1/2

[Event "Madrid ch 2011-2012 Veteranos"]
[Site "Madrid ESP"]
[Date "2012.01.26"]
[Round "9.3"]
[White "Gonzalez Mateos, Rafael"]
[Black "Garcia Gutierrez, Jose"]
[Result "1/2-1/2"]
[WhiteElo "2148"]
[BlackElo "2032"]
[PlyCount "64"]
[EventDate "2012.01.16"]
[EventType "swiss"]
[EventRounds "9"]
[EventCountry "ESP"]
[Source "lmi"]
[SourceDate "2012.01.16"]

1. d4 d5 2. c3 g6 3. Bf4 Bg7 4. Nf3 Nf6 5. h3 O-O 6. Nbd2 Nbd7 7. e3 Re8 8. Be2
c6 9. O-O Ne4 10. Nxe4 dxe4 11. Nd2 e5 12. dxe5 Bxe5 13. Bxe5 Rxe5 14. Nc4 Rd5
15. Qc2 Nc5 16. Rad1 Qg5 17. Kh2 Nd3 18. Bxd3 exd3 19. Qd2 Qh4 20. f4 Bf5 21.
Qf2 Qe7 22. Nd2 Be4 23. Nxe4 Qxe4 24. Qf3 Re8 25. Qxe4 Rxe4 26. Rfe1 c5 27. Kg3
c4 28. Kf3 f5 29. Rd2 Kf7 30. b3 b5 31. Rb1 Rd7 32. g4 Kf6 1/2-1/2

[Event "Madrid ch 2011-2012 Veteranos"]
[Site "Madrid ESP"]
[Date "2012.01.26"]
[Round "9.4"]
[White "Ciuro Muñoz, Ricardo"]
[Black "Cabañas Bravo, Juan Andres"]
[Result "0-1"]
[WhiteElo "2123"]
[BlackElo "2087"]
[PlyCount "56"]
[EventDate "2012.01.16"]
[EventType "swiss"]
[EventRounds "9"]
[EventCountry "ESP"]
[Source "lmi"]
[SourceDate "2012.01.16"]

1. e4 e5 2. Nf3 Nc6 3. Bc4 Bc5 4. c3 Nf6 5. d3 a6 6. Bb3 Ba7 7. O-O O-O 8. Bg5
h6 9. Bh4 g5 10. Bg3 d6 11. Nbd2 Ne7 12. Kh1 Ng6 13. d4 exd4 14. Nxd4 h5 15. f4
Bg4 16. Qe1 Nh7 17. f5 Ne5 18. Bxe5 dxe5 19. N4f3 Qf6 20. Nc4 Bxf3 21. Rxf3
Rad8 22. Rh3 h4 23. g3 Rd3 24. Qe2 Rfd8 25. Bc2 R3d7 26. gxh4 gxh4 27. Qg4+ Qg5
28. Qxh4 Rd1+ 0-1

[Event "Madrid ch 2011-2012 Veteranos"]
[Site "Madrid ESP"]
[Date "2012.01.26"]
[Round "9.5"]
[White "Garcia Esteban, Juan Ignacio"]
[Black "Ortega Morales, Pedro"]
[Result "1/2-1/2"]
[WhiteElo "1961"]
[BlackElo "1867"]
[PlyCount "87"]
[EventDate "2012.01.16"]
[EventType "swiss"]
[EventRounds "9"]
[EventCountry "ESP"]
[Source "lmi"]
[SourceDate "2012.01.16"]

1. e4 e5 2. Nf3 Nc6 3. Bb5 Nf6 4. Nc3 Be7 5. O-O d6 6. d4 Bd7 7. d5 Nb8 8. Bd3
h6 9. h3 O-O 10. Ne2 c6 11. c4 a5 12. Be3 Na6 13. Ng3 Nb4 14. Bb1 Re8 15. a3
Na6 16. Qd2 Bf8 17. Bc2 b5 18. b3 Nh7 19. dxc6 Bxc6 20. Nf5 Re6 21. Rfd1 Qc7
22. cxb5 Bxb5 23. Rac1 Qd8 24. b4 axb4 25. axb4 Rc8 26. Bb3 Rxc1 27. Rxc1 Rf6
28. Bc5 g6 29. Ng3 Bd7 30. Be3 Bxh3 31. Nxe5 Be6 32. Bxe6 Rxe6 33. Ng4 Ng5 34.
f4 Nxe4 35. Nxe4 Rxe4 36. Qd3 f5 37. Qxa6 fxg4 38. Rc8 Qe7 39. Bf2 Rxf4 40.
Qa2+ Qf7 41. Qd2 g5 42. g3 Rf3 43. Qd4 Qf6 44. Qc4+ 1/2-1/2